Trazo : (Registro nro. 30847)

Detalles MARC
000 -CABECERA
Longitud fija campo de control 00891nam a2200217 a 4500
003 - • IDENTIFICADOR DELl NÚMERO DE CONTROL
Identificador del número de control CO-ViMGA
008 - • CÓDIGOS DE INFORMACIÓN DE LONGITUD FIJA
Códigos de información de longitud fija 141112s2004 ck r 000 u spa d
040 ## - FUENTE DE LA CATALOGACIÓN
Centro catalogador de origen CO-ViMGA
Lengua de catalogación spa
Centro transcriptor CO-ViMGA
082 04 - • NÚMERO DE LA CLASIFICACIÓN DECIMAL DEWEY
Número de clasificación (R) 750 G817t
100 1# - • PUNTO DE ACCESO PRINCIPAL-NOMBRE DE PERSONA
Nombre de persona Guasch Gemma, Asunción Josep
245 10 - • TITULO PROPIAMENTE DICHO
Título Trazo :
Resto del título Pintura creativa
300 ## - • DESCRIPCIÓN FÍSICA
Extensión 159
490 ## - • MENCIÓN DE SERIE
Mención de serie Pintura creativa
505 ## - • NOTA DE CONTENIDO CON FORMATO
Nota de contenido con formato El trazo en el lenguaje pictórico 6 - 20 - - El trazo en la naturaleza viva 22 - 40 - - El trazo en el bodegón 48 - 66 - - El trazo en el paisaje 74 - 92 - - El trazo en la figura humana 100 - 118 - - El trazo en la abstraccion 126 - 152
590 ## - NOTAS LOCALES
Nota local Forma de adquisición : Compra - - Precio : 78.000 - - Proveedor : Dismet - - Fecha de adquisición : 2008
650 14 - • PUNTO DE ACCESO ADICIONAL DE MATERIA - TÉRMINO DE MATERIA
Término de materia o nombre geográfico como elemento inicial DIBUJO - TECNICAS
650 14 - • PUNTO DE ACCESO ADICIONAL DE MATERIA - TÉRMINO DE MATERIA
Término de materia o nombre geográfico como elemento inicial PINTURA - TECNICAS
942 ## - ENTRADA DE ELEMENTOS AGREGADOS (KOHA)
Fuente de clasificaión o esquema Dewey Decimal Classification
Koha [por defecto] tipo de item LIbro
Existencias
Perdido Fuente de clasificación o esquema Estado Físico No para préstamo Forma de adquisición Localización permanente Localización actual Fecha adquisición Serie de enumeración / cronolog&íacute;a Préstamos totales Signatura completa Código de barras Fecha última consulta Número de copia Fecha del precio de reemplazo Tipo de item de Koha
  Dewey Decimal Classification     Sala General Segundo Piso Biblioteca Pública Germán Arciniegas - Villavicencio Biblioteca Pública Germán Arciniegas - Villavicencio 12/04/2015 Volumen. 1 | 11/jun/2009   750 G817t 22546 12/04/2015 Ej. 1 12/04/2015 LIbro









Instituto Departamental de Cultura del Meta - Red Departamental de Bibliotecas Públicas del Meta.